Repairs (Record no. 74541)

MARC details
000 -LEADER
fixed length control field 01525cab a2200265 4500
001 - CONTROL NUMBER
control field ##ABS68256
008 - FIXED-LENGTH DATA ELEMENTS--GENERAL INFORMATION
fixed length control field 040921n2004 000 0 eng u
035 ## - SYSTEM CONTROL NUMBER
System control number (Sirsi) u127473
100 1# - MAIN ENTRY--PERSONAL NAME
Personal name Hopkins, P.
245 00 - TITLE STATEMENT
Title Repairs
260 ## - PUBLICATION, DISTRIBUTION, ETC.
Date of publication, distribution, etc. 2004
490 #0 - SERIES STATEMENT
Series statement Letting Update Journal
Volume/sequential designation 12(2) July 2004, 23-24(2)
520 ## - SUMMARY, ETC.
Summary, etc. Explains, in an article aimed at students, the landlord's and tenant's responsibilities in respect of carrying out repairs to a property. The principle source of the landlord's responsibilities is statutory, in particular the Landlord and Tenant Act 1985 s11, whereas the tenant's responsibilities are set out by common law, "Warren v Keen" ([1954] 1 QB 15) defining the parties' respective obligations. The recent establishment of the Pre-Action Protocol for Housing Disrepair Cases has formalised the way in which repair cases are handled by the courts with high amounts being recovered in certain 2003 cases. Whilst there is now some certainty regarding each party's responsibilities, there still remains a number of grey areas, which can lead to disputes.
590 ## - LOCAL NOTE (RLIN)
Local note ABS
650 24 - SUBJECT ADDED ENTRY--TOPICAL TERM
Topical term or geographic name entry element PRE-ACTION PROTOCOL FOR HOUSING DISREPAIR CASES
650 24 - SUBJECT ADDED ENTRY--TOPICAL TERM
Topical term or geographic name entry element LANDLORD AND TENANT ACT 1985 S11
650 24 - SUBJECT ADDED ENTRY--TOPICAL TERM
Topical term or geographic name entry element HOUSING ACT 1988 S16
650 24 - SUBJECT ADDED ENTRY--TOPICAL TERM
Topical term or geographic name entry element DEFECTIVE PREMISES ACT 1972
650 24 - SUBJECT ADDED ENTRY--TOPICAL TERM
Topical term or geographic name entry element RENT ACT 1977
650 24 - SUBJECT ADDED ENTRY--TOPICAL TERM
Topical term or geographic name entry element MCAULEY V BRISTOL CITY COUNCIL
650 24 - SUBJECT ADDED ENTRY--TOPICAL TERM
Topical term or geographic name entry element IRVIN V MORAN
650 24 - SUBJECT ADDED ENTRY--TOPICAL TERM
Topical term or geographic name entry element WARREN V KEEN
690 ## - LOCAL SUBJECT ADDED ENTRY--TOPICAL TERM (OCLC, RLIN)
Topical term or geographic name as entry element PROPERTY-LEASEHOLD PROPERTY-LANDLORD AND TENANT-DILAPIDATIONS
942 ## - ADDED ENTRY ELEMENTS (KOHA)
Suppress in OPAC 0
Holdings
Withdrawn status Lost status Source of classification or shelving scheme Damaged status Not for loan Home library Current library Shelving location Date acquired Total Checkouts Full call number Barcode Date last seen Copy number Price effective from Koha item type
    Dewey Decimal Classification     London London Journal article 21/09/2004   ABS68256 127473-1001 06/08/2019 1 06/08/2019 Journal article